000 00626nam a2200253Ia 4500
003 OSt
005 20221005122232.0
006 a|||||r|||| 00| 0
007 ta
008 221004b |||||||| |||| 00| 0 tam d
024 _a48722
037 _cTextual
040 _aCRL
_cCRL
_btam
041 _2tam
_atam
082 _aO31,1M91x, K0
100 _aBharathidasan Au.
_9583791
245 0 _aIsaiyamudhu
260 _c1965
300 _a134p.
_ccm.
650 _a TAMIL POETRY
650 _aTAMIL LITERATURE
942 _hO31,1M91x, K0
_cTEXL
_2cc
999 _c1043697
_d1043697